| 000 | 00786nam a2200265Ia 4500 | ||
|---|---|---|---|
| 003 | OSt | ||
| 005 | 20220925225524.0 | ||
| 006 | a|||||r|||| 00| 0 | ||
| 007 | ta | ||
| 008 | 220923b |||||||| |||| 00| 0 eng d | ||
| 020 | _a0761949860 | ||
| 037 | _cGeneral Book | ||
| 040 |
_aRTL _cRTL _beng |
||
| 041 |
_2eng _aeng |
||
| 082 | _aY9(X991), P5 | ||
| 100 |
_aSavage Mike and others _9269553 |
||
| 245 | 0 | _aGlobalization and belonging | |
| 260 |
_aLondon _bSage Publications UK _c2005 |
||
| 300 |
_axii,233p _ccm. |
||
| 490 | _aTheory , Culture and Society | ||
| 500 | _aBibliography P 215-225; Appendix P 209-214 | ||
| 650 |
_aSociology - Globalization _9292610 |
||
| 942 |
_hY9(X991), P5 _cGB _2CC |
||
| 999 |
_c583750 _d583750 |
||